000 01974 a2200241 4500
001 24982
005 20260407155533.0
008 260407a1973 arg spa d
003 AR-UNSa-BCEJYS
040 _aAR-UNSa-BCEJYS
_bspa
_cAR-UNSa-BCEJYS
080 _a347.72
_xSociedades comerciales
245 1 0 _aCuadernos de derecho societario
264 1 _aBuenos Aires :
_bEdiciones Macchi
_c1973
300 _a3 v.
_c23 cm.
505 _aVol. I: Aspectos jurídicos generales: 1. Ubicación de la sociedad comercial en el ámbito jurídico - 2. Constitución de las sociedades - 3. Personalidad de las sociedades - 4. Los socios - 5. Patrimonio y capital social - 6. Domicilio - denominación - objeto - 7. La organización - 8. Régimen de la documentación y contabilidad - 9. Participación en las utilidades y soportación de las pérdidas -- Vol. II. Parte I: Sociedades por partes de interés y por cuotas: 1. La sociedad colectiva - 2. La sociedad en comandita simple - 3. La sociedad de capital e industria - 4. La sociedad accidental o en participación - 5. La Sociedad de responsabilidad limitada -- Parte II: Sociedades por acciones y cooperativas: 1. Consideraciones generales sobre las sociedades por acciones - 2. Régimen de la intervención del estado - 3. La sociedad anónima. Caracterización y aspectos particulares. Régimen de constitución - 4. El capital social - 5. Acciones - 6. Bonos y deventures - 7. Gobierno - 8. El voto acumulativo para las elecciones en los órganos sociales - 9. Administración y representación - 10. Análisis e interpretación de las normas sobre documentación y estados contables de sociedades por acciones - 11. Fiscalización interna - 12. Sociedades en comandita por acciones
942 _cBK
590 _aniveau_biblio:m niveau_hierar:0
100 1 _aZaldívar, Enrique
700 1 _aRagazzi, Gillermo Enrique
700 1 _aRovira, Alfredo L.
700 1 _aSan Millan, Carlos
700 1 _aManovil, Rafael M.
999 _c1258
_d1258